00494nam a22001697a 450000500170000001000150001702000260003203500130005803700130007108200100008424500870009426000340018127000440021530000240025970000230028370000180030620161104102114.0 aENG-116197 a9789380677705c650.00 aEN-99729 bDBAD/PUB a304.2 aHistory and the changing horizon /bedited by Amit Bhattachryya [and] Mahua Sarkar aKolkatabSetu Prakashnic2014 a12/A Sankar Ghosh LanebKolkatae700006 avii,345p.b22cm(Hb) a Bhattachryya,Amit aSarkar,Mahua